000
00319nam a22001337a 4500
008
171019b xxu||||| |||| 00| 0 eng d
020
_a
0256061831
041
_a
eng
080
_2
4TH
_a
338
100
_a
53
101
_a
MEN
245
_a
MANAGEMENT CONTROL IN NONPROFIT ORGANIZATIONS
_c
ANTHONY,R.N
942
_2
udc
_c
BK
999
_c
35003
_d
35003